Biological control of two bacterial diseases attacking tomato plants by two different antagonistic micro-organisms (Record no. 42742)
[ view plain ]
| 000 -LEADER | |
|---|---|
| fixed length control field | 01783cab a2200313Ia 45 0 |
| 001 - CONTROL NUMBER | |
| control field | u187816 |
| 003 - CONTROL NUMBER IDENTIFIER | |
| control field | SIRSI |
| 008 - FIXED-LENGTH DATA ELEMENTS--GENERAL INFORMATION | |
| fixed length control field | 101215s2006 ua ss b 0 eng d |
| 040 ## - CATALOGING SOURCE | |
| Original cataloging agency | EAL |
| 041 ## - LANGUAGE CODE | |
| Language code of text/sound track or separate title | eng |
| Language code of summary or abstract | ara |
| 090 ## - LOCALLY ASSIGNED LC-TYPE CALL NUMBER (OCLC); LOCAL CALL NUMBER (RLIN) | |
| Classification number (OCLC) (R) ; Classification number, CALL (RLIN) (NR) | ART MUJAS V31 NO8 22 |
| 100 1# - MAIN ENTRY--PERSONAL NAME | |
| Personal name | Fathi Salem,S. |
| 245 10 - TITLE STATEMENT | |
| Title | Biological control of two bacterial diseases attacking tomato plants by two different antagonistic micro-organisms |
| Medium | [electronic resource]. |
| 246 15 - VARYING FORM OF TITLE | |
| Title proper/short title | المقاومة الحيوية لأثنين من الأمراض البكتيرية التى تصيب نباتات الطماطم بواسطة كائنين من الكائنات المضادة. |
| 300 ## - PHYSICAL DESCRIPTION | |
| Extent | p.5103- 5114 |
| 504 ## - BIBLIOGRAPHY, ETC. NOTE | |
| Bibliography, etc. note | Includes references. |
| 520 ## - SUMMARY, ETC. | |
| Summary, etc. | A considerable bacterial and fungal populations are lived on the aerial surfaces of tomato plants even at the age of 8 weeks.Two epiphytic bacterial strains and two epiphytic yeast ones proved to be highly antagonistic against the tomato pathogens (Pseudomonas syringae pv. tomato and Xanthomonas campestris pv. Vesicatoria)in vitro studies. One of the most antagonistic bacterial strains belongs to the genus Bacillu sand the other one belongs to the genus Pseudomonas.The two most antagonistic yeast strains taxonomically belong to the genera Aureobasidium and Cryptococcus. |
| 546 ## - LANGUAGE NOTE | |
| Language note | Summary in Arabic. |
| 596 ## - | |
| -- | 1 |
| 650 #0 - SUBJECT ADDED ENTRY--TOPICAL TERM | |
| Topical term or geographic name entry element | Tomatoes. |
| 650 #0 - SUBJECT ADDED ENTRY--TOPICAL TERM | |
| Topical term or geographic name entry element | Pests |
| General subdivision | Biological control. |
| 650 #0 - SUBJECT ADDED ENTRY--TOPICAL TERM | |
| Topical term or geographic name entry element | Biological pest control agents. |
| 650 #0 - SUBJECT ADDED ENTRY--TOPICAL TERM | |
| Topical term or geographic name entry element | Bacterial diseases. |
| 650 #0 - SUBJECT ADDED ENTRY--TOPICAL TERM | |
| Topical term or geographic name entry element | Microorganisms. |
| 650 #0 - SUBJECT ADDED ENTRY--TOPICAL TERM | |
| Topical term or geographic name entry element | Antagonistic fungi. |
| 700 1# - ADDED ENTRY--PERSONAL NAME | |
| Personal name | Dobolyi,E |
| 773 0# - HOST ITEM ENTRY | |
| Title | Mansoura Unviersity Journal of Agricultural Sciences. |
| Related parts | 2006.v.31(8) |
| International Standard Serial Number | 1110-0346 |
| Control subfield | nnas |
| Record control number | u182197 |
| 856 40 - ELECTRONIC LOCATION AND ACCESS | |
| Uniform Resource Identifier | <a href="http://nile.enal.sci.eg/EALE/2006/MUJAS/3106/8/5103.pdf">http://nile.enal.sci.eg/EALE/2006/MUJAS/3106/8/5103.pdf</a> |
| Public note | Full text Article. |
| 942 ## - ADDED ENTRY ELEMENTS (KOHA) | |
| Koha item type | Articles |
| Source of classification or shelving scheme | Library of Congress Classification |
No items available.